Score 0/16 Timer 03:00
6 Plays Today
Video Game Word % Correct
Red ____ RedemptionDead
87.9%
Grand Theft Auto: San _______Andreas
87.4%
Grand Theft Auto: _______ City StoriesLiberty
82%
Max _____ 2: The Fall of Max _____Payne
75.4%
Grand Theft Auto: The ______ of Gay TonyBallad
69%
_____: Scholarship EditionBully
66.5%
L.A. _____Noire
63.3%
Grand Theft Auto: ______ 1969London
59.3%
Video Game Word % Correct
Grand Theft Auto: _________ WarsChinatown
57.1%
The _______ JobItalian
50.1%
________ Club 3: DUB EditionMidnight
41.5%
Smuggler's ___Run
37.9%
Rockstar Games Presents _____ TennisTable
35.1%
State of _________Emergency
20.5%
Monster Truck _______ 64Madness
10.7%
Wild _____ CountryMetal
5.6%

Today's Daily Dose

Word Ladder
AC/DC Albums

Quick Pick
Martial Arts

Get the Picture
Monarchy or Presidency

Remove Ads.
Support Sporcle.
Get the best of Sporcle when you Go Orange. This ad-free experience offers more features, more stats, and more fun while also helping to support Sporcle. Thank you for becoming a member.

You're not logged in!

Compare scores with friends on all Sporcle quizzes.
OR
Log In

Show Comments

Extras

Top Quizzes Today


Score Distribution

Your Account Isn't Verified!

In order to create a playlist on Sporcle, you need to verify the email address you used during registration. Go to your Sporcle Settings to finish the process.

Report this User

Report this user for behavior that violates our Community Guidelines.

Details: